Quiz mythologique : Gaïa. - Statistiques

Statistiques générales
  • Ce quiz a été pris 27 fois
  • Le résultat moyen est 8 sur 11
Statistiques - réponses
Questions Réponses % Correct
Elle donna naissance à ces divinités primaires, qui renverseront son mari. Titans
96%
Mais aussi à ces autres divinités, ne possédant qu'un oeil ou cent bras. Cyclopes
92%
Mari Ouranos
92%
Elle est la première à dire l'oracle dans cette ville avant d'être remplacée par Apollon. Delphes
84%
Hécatonchires
76%
Elle est la soeur de cette personnification du lieu des châtiments aux enfers. Tartare
76%
Nom romain Tellus
76%
Père Chaos
72%
Quel monstre marin, auquel ont dû se confronter des héros comme Ulysse, Jason ou Énée, a-t-elle eu avec Poséidon? Charybde
64%
De quoi est-elle la personnification chez les Grecs? Déesse mère
52%
En plus de #2, elle eu une descendance avec un autre de ses enfants. Pontos
20%
Aucun quiz correspondant
Distribution des résultats
% des personnes avec chaque résultat
Percentile par nombre de réponses
Votre historique - résultats
Vous n’avez pas pris ce quiz